Egy nagyon banális történet Bohumil Hrabal - Szigorúan ellenőrzött vonatok. Füleki Zsákszínház

Bibliographic Details
Main Author: Juhász, János (Author)
Format: Article
Language:Hungarian
Subjects:

MARC

LEADER 00000nab a2200000 a 4500
001 vtls000577996
003 SK-MaSNL
005 20260318124535.0
008 120929c1996 xo 0 hun
015 |a SNBRB19rr/mm-uuuuu 
035 |a CL0578134 
040 |a SNKBUCL  |b slo  |c SNKBUCL  |e AACR2 
041 0 |a hun 
044 |a xo  |c SK 
080 |a 792.2  |2 1981 
080 |a 791.077(437.6=945.11)  |2 1981 
100 1 |a Juhász, János  |4 aut  |9 980823 
245 1 0 |a Egy nagyon banális történet  |b Bohumil Hrabal - Szigorúan ellenőrzött vonatok. Füleki Zsákszínház  |c János Juhász 
600 1 7 |a Hrabal, Bohumil,  |d 1914-1997  |t Ostro sledované vlaky  |2 snkbucl  |9 1093891 
610 2 7 |a Zsákszínház (divadelný súbor)  |2 snkbucl  |9 1249254 
655 7 |a články z novín a časopisov  |2 snkbucl  |9 267496 
773 0 |t Szabad újság  |g Roč. 4, č. 7 (1996), s. 11 
850 |a Slovenská národná knižnica v Martine  |a DSG001 
852 |a SNK  |b KIS3GCP 
958 |a RK 
958 |a HU 
958 |a SK 
992 |a RBX 
999 |c 2216635  |d 2218565